Advanced algorithms for neural networks : a C++ sourcebook
Αποθηκεύτηκε σε:
| Κύριος συγγραφέας: | |
|---|---|
| Μορφή: | Βιβλίο |
| Γλώσσα: | English |
| Δημοσίευση: |
New York :
Wiley & Sons,
c1995
|
| Θέματα: | |
| Ετικέτες: |
Προσθήκη ετικέτας
Δεν υπάρχουν, Καταχωρήστε ετικέτα πρώτοι!
|
MARC
| LEADER | 00000nam a2200000 i 4500 | ||
|---|---|---|---|
| 001 | 1/52088 | ||
| 008 | 970122s1995 eng d | ||
| 020 | |a 0471105880 | ||
| 035 | |l 10027281 | ||
| 040 | |a GR-MY-UA |b gre |e aacr | ||
| 041 | 0 | |a eng | |
| 082 | 0 | |a 006.3 | |
| 100 | 1 | |a Masters, Timothy. | |
| 245 | 1 | 0 | |a Advanced algorithms for neural networks : |b a C++ sourcebook / |c T. Masters |
| 260 | |a New York : |b Wiley & Sons, |c c1995 | ||
| 300 | |a xiv, 431 p. |e 1 disk 3.5" | ||
| 500 | |a Includes bibliography and index | ||
| 650 | 0 | 0 | |a Neural networks (Computer science) |
| 650 | 0 | 0 | |a Computer algorithms. |
| 650 | 0 | 0 | |a C++ (Computer program language) |
| 852 | |a INST |b CHIOS |e 19970122 |h 006.3 MAS |p 005200010794 |q 005200010794 |t BK |y 0 | ||
| 852 | |a INST |b CHIOS |e 19981103 |h 006.3 MAS |p 005200015331 |q 005200015331 |t BK |y 0 | ||
| 909 | |a Χ |b 049205 | ||
| 909 | |a X |b 055044 | ||